| 000 | 01190nas a2200445 4500 | ||
|---|---|---|---|
| 001 | BR7601147 | ||
| 003 | BR-BrBNA | ||
| 005 | 20231205082929.0 | ||
| 007 | ta | ||
| 008 | 230509b bl.|||p| |||| 00| 00por d | ||
| 040 |
_aBR-BrBNA _bpor _cBiblioteca Nacional de Agricultura |
||
| 041 | _a(Pt) | ||
| 072 | _aE70; E10; F00 | ||
| 100 | 1 | _aAnon. | |
| 245 | 1 | _aInforme economicos sobre a evolucao do setor agropecuario. Informe conjuntural agropecuario. Agosto de 1975 [Brasil] | |
| 650 | _aECONOMIA | ||
| 650 | _aPLUVIOMETRIA | ||
| 650 | _aARROZ | ||
| 650 | _aMILHO | ||
| 650 | _aFEIJAO | ||
| 650 | _aALGODAO | ||
| 650 | _aSOJA | ||
| 650 | _aBATATA INGLESA | ||
| 650 | _aALHO | ||
| 650 | _aCEBOLA | ||
| 650 | _aGADO DE CORTE | ||
| 650 | _aGADO LEITEIRO | ||
| 650 | _aAVICULTURA | ||
| 650 | _aRACAO | ||
| 650 | _aSEMENTE | ||
| 650 | _aMAQUINA AGRICOLA | ||
| 650 | _aFERTILIZANTE | ||
| 650 | _aMERCADO | ||
| 650 | _aPRECO | ||
| 650 | _aABASTECIMENTO | ||
| 650 | _aESTOQUE | ||
| 773 | 0 |
_tInforme Agropecuario. Conjuntura e Estatistica (Brazil) _x _g(Aug 1975), v. 1(5) p. 3-36 _wBR7601147 |
|
| 909 |
_a202311 _bLúcia _c55 _dLúcia Elande |
||
| 942 |
_2AGRIS _n0 _cANA |
||
| 999 |
_c95183 _d95183 |
||